000044185 001__ 44185 000044185 005__ 20170831221124.0 000044185 037__ $$aGDOC-2011-0641 000044185 041__ $$aspa 000044185 100__ $$0(orcid)0000-0002-1539-8483$$aLópez Laborda, Julio Antonio 000044185 24500 $$927311$$aFiscalidad de la empresa 000044185 260__ $$aZaragoza$$bUniversidad de Zaragoza$$c2011-2012 000044185 520__ $$aLa asignatura Fiscalidad de la Empresa es una asignatura de contenido fundamental en la formación que ha de llevar a cabo un estudiante del grado de Administración y Dirección de Empresas. Se encuadra dentro del módulo Entorno Económico e Intervención Pública y se cursa como asignatura obligatoria en el primer semestre del segundo curso, teniendo asignados 6 ECTS. Se trata de una asignatura de carácter práctico e instrumental, en la que se pretende dar una visión global de la problemática fiscal en el ámbito empresarial y su contextualización en el entorno económico. 000044185 521__ $$9131$$aGraduado en Administración y Dirección de Empresas 000044185 540__ $$aby-nc-sa$$bCreative Commons$$c3.0$$uhttp://creativecommons.org/licenses/by-nc-sa/3.0/ 000044185 700__ $$0(orcid)0000-0002-9023-9386$$aBarberán Lahuerta, Miguel Ángel 000044185 700__ $$0(orcid)0000-0003-3530-3661$$aTrueba Cortés, María Carmen 000044185 700__ $$0(orcid)0000-0001-9054-8552$$aArner Güerre, María Asunción 000044185 700__ $$aSanchez Sanchez, Antonio 000044185 700__ $$0(orcid)0000-0003-1534-2970$$aRodrigo Sauco, Fernando 000044185 700__ $$0(orcid)0000-0003-3898-8889$$aGómez Sancho, Jose María 000044185 700__ $$0(orcid)0000-0003-3987-8307$$aDomínguez Barrero, Félix 000044185 700__ $$0(orcid)0000-0002-2188-2271$$aSoriano Paola, María Ángeles 000044185 700__ $$aPeña Tirado, Jose 000044185 700__ $$aCrespo Gonzalvo, Miguel Esteban 000044185 830__ $$9448 000044185 830__ $$9454 000044185 830__ $$9458 000044185 8564_ $$s105066$$uhttps://zaguan.unizar.es/record/44185/files/guia.pdf$$yGuía (idioma español) 000044185 980__ $$aGDOC$$bCiencias sociales$$c109 000044185 980__ $$aGDOC$$bCiencias sociales$$c301 000044185 980__ $$aGDOC$$bCiencias sociales$$c228